[Event "DEM U18w 2025"]
[Site "Willingen GER"]
[Date "2025.06.10"]
[Round "4"]
[White "Reich, Elisabeth"]
[Black "Sereda, Yaroslava"]
[Result "0-1"]
[Termination "normal"]
[Board "4"]
[BlackTitle "WFM"]
[WhiteElo "1830"]
[BlackElo "2107"]
[WhiteClock "00:49:11"]
[BlackClock "00:04:16"]
[PlyCount "134"]
[WhiteFideId "16239776"]
[BlackFideId "14178940"]
[EventCountry "GER"]
[EventRounds "9"]
[EventType "swiss"]
[EventDate "2025.06.07"]

1. e4 {[%clk 01:30:58]} {[%emt 00:00:02]} c5 {[%clk 01:30:54]} {[%emt
00:00:07]} 2. Nc3 {[%clk 01:31:24]} {[%emt 00:00:04]} Nc6 {[%clk 01:31:09]}
{[%emt 00:00:15]} 3. g3 {[%clk 01:31:43]} {[%emt 00:00:11]} g6 {[%clk
01:30:52]} {[%emt 00:00:47]} 4. Bg2 {[%clk 01:32:02]} {[%emt 00:00:10]} Bg7
{[%clk 01:31:05]} {[%emt 00:00:19]} 5. d3 {[%clk 01:32:17]} {[%emt 00:00:14]}
e5 {[%clk 01:29:20]} {[%emt 00:02:15]} 6. Nf3 {[%clk 01:32:13]} {[%emt
00:00:33]} Nge7 {[%clk 01:29:06]} {[%emt 00:00:46]} 7. O-O {[%clk 01:32:30]}
{[%emt 00:00:12]} O-O {[%clk 01:28:29]} {[%emt 00:01:08]} 8. Be3 {[%clk
01:32:01]} {[%emt 00:00:58]} b6 {[%clk 01:26:21]} {[%emt 00:02:40]} 9. Qd2
{[%clk 01:30:47]} {[%emt 00:01:38]} Nd4 {[%clk 01:16:13]} {[%emt 00:10:43]} 10.
Bh6 {[%clk 01:23:00]} {[%emt 00:08:15]} f6 {[%clk 00:56:50]} {[%emt 00:19:54]}
11. Bxg7 {[%clk 01:22:01]} {[%emt 00:01:28]} Kxg7 {[%clk 00:57:10]} {[%emt
00:00:12]} 12. Nxd4 {[%clk 01:20:38]} {[%emt 00:01:52]} cxd4 {[%clk 00:56:57]}
{[%emt 00:00:44]} 13. Ne2 {[%clk 01:21:00]} {[%emt 00:00:06]} Bb7 {[%clk
00:54:39]} {[%emt 00:02:49]} 14. f4 {[%clk 01:19:28]} {[%emt 00:02:01]} d6
{[%clk 00:54:03]} {[%emt 00:01:07]} 15. g4 {[%clk 01:15:50]} {[%emt 00:04:07]}
Qd7 {[%clk 00:50:01]} {[%emt 00:04:33]} 16. h3 {[%clk 01:08:49]} {[%emt
00:07:30]} Rac8 {[%clk 00:47:47]} {[%emt 00:02:45]} 17. Rf2 {[%clk 01:03:01]}
{[%emt 00:06:17]} Qc7 {[%clk 00:44:45]} {[%emt 00:03:33]} 18. Ng3 {[%clk
01:01:06]} {[%emt 00:02:24]} d5 {[%clk 00:42:02]} {[%emt 00:03:14]} 19. f5
{[%clk 00:50:53]} {[%emt 00:10:43]} dxe4 {[%clk 00:39:12]} {[%emt 00:03:20]}
20. Bxe4 {[%clk 00:49:13]} {[%emt 00:02:09]} Nd5 {[%clk 00:33:02]} {[%emt
00:06:41]} 21. Bxd5 {[%clk 00:49:32]} {[%emt 00:00:11]} Bxd5 {[%clk 00:33:27]}
{[%emt 00:00:06]} 22. Raf1 {[%clk 00:45:51]} {[%emt 00:04:09]} g5 {[%clk
00:31:21]} {[%emt 00:02:36]} 23. Ne4 {[%clk 00:43:31]} {[%emt 00:02:50]} Bxe4
24. dxe4 {[%clk 00:43:59]} Qc4 {[%clk 00:29:48]} {[%emt 00:01:45]} 25. Ra1
{[%clk 00:35:54]} {[%emt 00:08:35]} Rfd8 {[%clk 00:29:19]} {[%emt 00:00:58]}
26. Qd3 {[%clk 00:36:13]} {[%emt 00:00:11]} Qb4 {[%clk 00:25:12]} {[%emt
00:04:38]} 27. Rb1 {[%clk 00:35:39]} {[%emt 00:01:02]} Rd6 {[%clk 00:09:45]}
{[%emt 00:15:58]} 28. a3 {[%clk 00:33:39]} {[%emt 00:02:30]} Qa4 {[%clk
00:08:12]} {[%emt 00:02:04]} 29. Rd1 {[%clk 00:33:08]} {[%emt 00:01:01]} Rc7
{[%clk 00:05:13]} {[%emt 00:03:29]} 30. Rdd2 {[%clk 00:33:14]} {[%emt
00:00:23]} Rdc6 {[%clk 00:05:02]} {[%emt 00:00:42]} 31. Kg2 {[%clk 00:32:34]}
{[%emt 00:01:10]} b5 {[%clk 00:04:57]} {[%emt 00:00:35]} 32. Qb3 {[%clk
00:31:36]} {[%emt 00:01:27]} Qc4 {[%clk 00:03:52]} {[%emt 00:01:36]} 33. Rf3
{[%clk 00:29:34]} {[%emt 00:02:32]} a5 {[%clk 00:02:56]} {[%emt 00:01:26]} 34.
h4 {[%clk 00:26:36]} {[%emt 00:03:27]} gxh4 {[%clk 00:02:07]} {[%emt 00:01:20]}
35. Kh3 {[%clk 00:24:12]} {[%emt 00:02:53]} Qxb3 {[%clk 00:00:58]} {[%emt
00:01:40]} 36. cxb3 {[%clk 00:24:40]} {[%emt 00:00:02]} Rc2 {[%clk 00:01:06]}
{[%emt 00:00:22]} 37. Rff2 {[%clk 00:24:09]} {[%emt 00:00:56]} Rc1 {[%clk
00:01:02]} {[%emt 00:00:39]} 38. Kxh4 {[%clk 00:23:55]} {[%emt 00:00:43]} b4
{[%clk 00:00:40]} {[%emt 00:00:53]} 39. a4 {[%clk 00:24:19]} {[%emt 00:00:06]}
Rh1+ {[%clk 00:00:49]} {[%emt 00:00:22]} 40. Kg3 {[%clk 00:24:36]} {[%emt
00:00:11]} Re1 {[%clk 00:00:46]} {[%emt 00:00:34]} 41. Rfe2 {[%clk 00:24:31]}
{[%emt 00:00:35]} Rcc1 {[%clk 00:23:25]} {[%emt 00:07:51]} 42. Kf3 {[%clk
00:47:32]} {[%emt 00:07:26]} Rxe2 {[%clk 00:19:49]} {[%emt 00:04:08]} 43. Kxe2
{[%clk 00:47:46]} {[%emt 00:00:17]} Rg1 {[%clk 00:19:53]} {[%emt 00:00:26]} 44.
Kd3 {[%clk 00:47:56]} {[%emt 00:00:20]} Rxg4 {[%clk 00:19:41]} {[%emt
00:00:41]} 45. Kc4 {[%clk 00:47:49]} {[%emt 00:00:38]} Rxe4 {[%clk 00:19:50]}
{[%emt 00:00:21]} 46. Kb5 {[%clk 00:48:14]} {[%emt 00:00:04]} Rf4 {[%clk
00:03:34]} {[%emt 00:16:47]} 47. Kxa5 {[%clk 00:48:35]} {[%emt 00:00:08]} Rxf5
{[%clk 00:03:09]} {[%emt 00:00:55]} 48. Kxb4 {[%clk 00:45:54]} {[%emt
00:03:11]} Rf1 {[%clk 00:02:33]} {[%emt 00:01:07]} 49. a5 {[%clk 00:45:44]}
{[%emt 00:00:39]} f5 {[%clk 00:01:54]} {[%emt 00:01:09]} 50. Kc4 {[%clk
00:45:55]} {[%emt 00:00:19]} Rc1+ {[%clk 00:02:01]} {[%emt 00:00:24]} 51. Kd5
{[%clk 00:46:07]} {[%emt 00:00:17]} Kf6 {[%clk 00:02:05]} {[%emt 00:00:27]} 52.
b4 {[%clk 00:46:08]} {[%emt 00:00:29]} Ra1 {[%clk 00:01:54]} {[%emt 00:00:41]}
53. Rd3 {[%clk 00:45:00]} {[%emt 00:01:37]} e4 {[%clk 00:00:57]} {[%emt
00:01:28]} 54. Rd2 {[%clk 00:44:44]} {[%emt 00:00:45]} e3 {[%clk 00:01:03]}
{[%emt 00:00:25]} 55. Re2 {[%clk 00:45:00]} {[%emt 00:00:12]} d3 {[%clk
00:01:02]} {[%emt 00:00:34]} 56. Rxe3 {[%clk 00:45:24]} {[%emt 00:00:04]} d2
{[%clk 00:01:25]} {[%emt 00:00:07]} 57. Rd3 {[%clk 00:45:50]} {[%emt 00:00:04]}
d1=Q {[%clk 00:01:47]} {[%emt 00:00:09]} 58. Rxd1 {[%clk 00:46:16]} {[%emt
00:00:03]} Rxd1+ {[%clk 00:02:12]} {[%emt 00:00:06]} 59. Kc6 {[%clk 00:46:38]}
{[%emt 00:00:07]} f4 {[%clk 00:02:27]} {[%emt 00:00:15]} 60. a6 {[%clk
00:46:50]} {[%emt 00:00:18]} f3 {[%clk 00:02:41]} {[%emt 00:00:16]} 61. a7
{[%clk 00:47:11]} {[%emt 00:00:10]} Ra1 {[%clk 00:02:56]} {[%emt 00:00:15]} 62.
Kb7 {[%clk 00:47:33]} {[%emt 00:00:09]} f2 {[%clk 00:03:22]} {[%emt 00:00:04]}
63. b5 {[%clk 00:47:54]} {[%emt 00:00:09]} f1=Q {[%clk 00:03:43]} {[%emt
00:00:08]} 64. b6 {[%clk 00:48:19]} {[%emt 00:00:06]} Qa6+ {[%clk 00:03:27]}
{[%emt 00:00:45]} 65. Kc7 {[%clk 00:48:36]} {[%emt 00:00:13]} Rc1+ {[%clk
00:03:50]} {[%emt 00:00:08]} 66. Kd7 {[%clk 00:48:46]} {[%emt 00:00:19]} Qc8+
{[%clk 00:03:51]} {[%emt 00:00:30]} 67. Kd6 {[%clk 00:49:11]} {[%emt 00:00:05]}
Qc6# {[%clk 00:04:16]} {[%emt 00:00:04]} 0-1

[Event "DEM U18w 2025"]
[Site "Willingen GER"]
[Date "2025.06.10"]
[Round "4"]
[White "Trunz, Michelle"]
[Black "Malmström, Eva"]
[Result "1-0"]
[Termination "normal"]
[Board "5"]
[WhiteTitle "WFM"]
[WhiteElo "2061"]
[BlackElo "1929"]
[WhiteClock "00:28:54"]
[BlackClock "00:02:12"]
[PlyCount "81"]
[WhiteFideId "16227980"]
[BlackFideId "34607072"]
[EventCountry "GER"]
[EventRounds "9"]
[EventType "swiss"]
[EventDate "2025.06.07"]

1. d4 {[%clk 01:30:57]} {[%emt 00:00:03]} d5 {[%clk 01:30:50]} {[%emt
00:00:10]} 2. c4 {[%clk 01:31:23]} {[%emt 00:00:05]} e6 {[%clk 01:31:09]}
{[%emt 00:00:11]} 3. Nc3 {[%clk 01:31:48]} {[%emt 00:00:04]} Nf6 {[%clk
01:31:30]} {[%emt 00:00:09]} 4. Bg5 {[%clk 01:32:14]} {[%emt 00:00:05]} Be7
{[%clk 01:31:49]} {[%emt 00:00:10]} 5. e3 {[%clk 01:32:36]} {[%emt 00:00:08]}
O-O {[%clk 01:32:09]} {[%emt 00:00:10]} 6. Nf3 {[%clk 01:33:03]} {[%emt
00:00:05]} h6 {[%clk 01:32:17]} {[%emt 00:00:21]} 7. Bxf6 {[%clk 01:33:18]}
{[%emt 00:00:16]} Bxf6 {[%clk 01:32:43]} {[%emt 00:00:02]} 8. h4 {[%clk
01:33:40]} {[%emt 00:00:09]} b6 {[%clk 01:30:36]} {[%emt 00:02:37]} 9. g4
{[%clk 01:31:31]} {[%emt 00:02:39]} dxc4 {[%clk 01:27:38]} {[%emt 00:03:29]}
10. g5 {[%clk 01:28:05]} {[%emt 00:03:55]} hxg5 {[%clk 01:25:57]} {[%emt
00:02:11]} 11. hxg5 {[%clk 01:28:21]} {[%emt 00:00:14]} Bxg5 {[%clk 01:25:41]}
{[%emt 00:00:44]} 12. Nxg5 {[%clk 01:25:31]} {[%emt 00:03:22]} Qxg5 {[%clk
01:25:47]} {[%emt 00:00:24]} 13. Qf3 {[%clk 01:24:43]} {[%emt 00:01:19]} c6
{[%clk 01:24:39]} {[%emt 00:01:37]} 14. Rh5 {[%clk 01:17:14]} {[%emt 00:07:59]}
Qg6 {[%clk 01:22:27]} {[%emt 00:02:40]} 15. Ne4 {[%clk 01:00:54]} {[%emt
00:16:52]} f6 {[%clk 00:58:44]} {[%emt 00:24:13]} 16. Nd6 {[%clk 00:51:20]}
{[%emt 00:10:04]} Rd8 {[%clk 00:55:42]} {[%emt 00:03:31]} 17. Qh3 {[%clk
00:44:21]} {[%emt 00:07:30]} Rxd6 {[%clk 00:50:51]} {[%emt 00:05:19]} 18. Rh8+
{[%clk 00:44:49]} {[%emt 00:00:04]} Kf7 {[%clk 00:51:02]} {[%emt 00:00:18]} 19.
Rxc8 {[%clk 00:44:27]} {[%emt 00:00:53]} Qh6 {[%clk 00:44:45]} {[%emt
00:06:46]} 20. Qg3 {[%clk 00:44:39]} {[%emt 00:00:19]} Ke7 {[%clk 00:45:00]}
{[%emt 00:00:14]} 21. Re8+ {[%clk 00:43:32]} {[%emt 00:01:37]} Kxe8 {[%clk
00:44:42]} {[%emt 00:00:49]} 22. Qxd6 {[%clk 00:43:58]} {[%emt 00:00:04]} f5
{[%clk 00:34:21]} {[%emt 00:10:50]} 23. O-O-O {[%clk 00:38:53]} {[%emt
00:05:35]} Nd7 {[%clk 00:23:04]} {[%emt 00:11:46]} 24. Bg2 {[%clk 00:37:44]}
{[%emt 00:01:39]} e5 {[%clk 00:18:55]} {[%emt 00:04:39]} 25. Qc7 {[%clk
00:33:43]} {[%emt 00:04:32]} e4 {[%clk 00:10:02]} {[%emt 00:09:23]} 26. d5
{[%clk 00:29:28]} {[%emt 00:04:45]} cxd5 {[%clk 00:08:26]} {[%emt 00:02:05]}
27. Rxd5 {[%clk 00:25:11]} {[%emt 00:04:48]} Qe6 {[%clk 00:06:58]} {[%emt
00:01:57]} 28. Rd6 {[%clk 00:24:12]} {[%emt 00:01:29]} Qe7 {[%clk 00:07:23]}
{[%emt 00:00:05]} 29. Qc6 {[%clk 00:23:54]} {[%emt 00:00:49]} Qd8 {[%clk
00:04:16]} {[%emt 00:03:36]} 30. Rxd7 {[%clk 00:22:57]} {[%emt 00:01:27]} Qxd7
{[%clk 00:04:33]} {[%emt 00:00:14]} 31. Qxa8+ {[%clk 00:23:23]} {[%emt
00:00:05]} Kf7 {[%clk 00:04:29]} {[%emt 00:00:31]} 32. Bf1 {[%clk 00:21:20]}
{[%emt 00:02:34]} b5 {[%clk 00:04:14]} {[%emt 00:00:46]} 33. Qb8 {[%clk
00:16:54]} {[%emt 00:04:56]} a6 {[%clk 00:02:39]} {[%emt 00:02:05]} 34. a4
{[%clk 00:14:07]} {[%emt 00:03:17]} g6 {[%clk 00:01:38]} {[%emt 00:01:31]} 35.
Qb6 {[%clk 00:13:59]} {[%emt 00:00:37]} Qe7 {[%clk 00:01:29]} {[%emt 00:00:39]}
36. axb5 {[%clk 00:09:59]} {[%emt 00:04:31]} Qb4 {[%clk 00:01:29]} {[%emt
00:00:29]} 37. Qc7+ {[%clk 00:07:15]} {[%emt 00:03:15]} Kf6 {[%clk 00:01:53]}
{[%emt 00:00:05]} 38. Qd8+ {[%clk 00:04:59]} {[%emt 00:02:45]} Kg7 {[%clk
00:02:02]} {[%emt 00:00:21]} 39. bxa6 {[%clk 00:02:05]} {[%emt 00:03:26]} Qe1+
{[%clk 00:01:55]} {[%emt 00:00:37]} 40. Qd1 {[%clk 00:02:22]} {[%emt 00:00:12]}
Qa5 {[%clk 00:02:12]} {[%emt 00:00:12]} 41. Qd4+ {[%clk 00:28:54]} {[%emt
00:03:59]} 1-0

[Event "DEM U18w 2025"]
[Site "Willingen GER"]
[Date "2025.06.10"]
[Round "4"]
[White "Loos, Tilda"]
[Black "Wilmink, Anna"]
[Result "0-1"]
[Termination "normal"]
[Board "6"]
[BlackTitle "WCM"]
[WhiteElo "1779"]
[BlackElo "1995"]
[WhiteClock "00:18:28"]
[BlackClock "00:01:53"]
[PlyCount "118"]
[WhiteFideId "34620559"]
[BlackFideId "16273680"]
[EventCountry "GER"]
[EventRounds "9"]
[EventType "swiss"]
[EventDate "2025.06.07"]

1. Nf3 {[%clk 01:30:58]} {[%emt 00:00:01]} d5 {[%clk 01:30:53]} {[%emt
00:00:09]} 2. b3 {[%clk 01:31:23]} {[%emt 00:00:05]} Nf6 {[%clk 01:31:11]}
{[%emt 00:00:11]} 3. Bb2 {[%clk 01:31:47]} {[%emt 00:00:06]} c5 {[%clk
01:30:57]} {[%emt 00:00:44]} 4. e3 {[%clk 01:32:10]} {[%emt 00:00:07]} Nc6
{[%clk 01:30:44]} {[%emt 00:00:44]} 5. Bb5 {[%clk 01:29:27]} {[%emt 00:03:12]}
a6 {[%clk 01:30:27]} {[%emt 00:00:47]} 6. Bxc6+ {[%clk 01:29:38]} {[%emt
00:00:20]} bxc6 {[%clk 01:30:41]} {[%emt 00:00:15]} 7. Ne5 {[%clk 01:29:03]}
{[%emt 00:01:05]} Qc7 {[%clk 01:29:30]} {[%emt 00:01:42]} 8. f4 {[%clk
01:28:05]} {[%emt 00:01:27]} h5 {[%clk 01:26:24]} {[%emt 00:03:36]} 9. h3
{[%clk 01:22:13]} {[%emt 00:06:21]} h4 {[%clk 01:23:49]} {[%emt 00:03:06]} 10.
Nc3 {[%clk 01:19:10]} {[%emt 00:03:33]} Bf5 {[%clk 01:21:57]} {[%emt 00:02:22]}
11. d3 {[%clk 01:17:13]} {[%emt 00:02:27]} d4 {[%clk 01:16:29]} {[%emt
00:05:58]} 12. exd4 {[%clk 01:17:09]} {[%emt 00:00:33]} cxd4 {[%clk 01:16:40]}
{[%emt 00:00:20]} 13. Na4 {[%clk 01:07:44]} {[%emt 00:09:55]} c5 {[%clk
01:09:54]} {[%emt 00:07:16]} 14. Qf3 {[%clk 01:03:41]} {[%emt 00:04:32]} Rd8
{[%clk 01:07:50]} {[%emt 00:02:35]} 15. O-O-O {[%clk 00:57:32]} {[%emt
00:06:38]} Nd5 {[%clk 01:05:22]} {[%emt 00:02:58]} 16. Rdf1 {[%clk 00:52:09]}
{[%emt 00:05:53]} Ne3 {[%clk 00:59:35]} {[%emt 00:06:18]} 17. Rf2 {[%clk
00:51:49]} {[%emt 00:00:49]} Be6 {[%clk 00:57:49]} {[%emt 00:02:16]} 18. Qe2
{[%clk 00:41:18]} {[%emt 00:11:01]} Bd5 {[%clk 00:55:36]} {[%emt 00:02:44]} 19.
Nf3 {[%clk 00:40:31]} {[%emt 00:01:17]} Nxg2 {[%clk 00:36:32]} {[%emt
00:19:35]} 20. Nxc5 {[%clk 00:14:15]} {[%emt 00:26:45]} Nxf4 {[%clk 00:25:01]}
{[%emt 00:12:01]} 21. Qd2 {[%clk 00:12:33]} {[%emt 00:02:12]} Qxc5 {[%clk
00:15:51]} {[%emt 00:09:40]} 22. Qxf4 {[%clk 00:12:52]} {[%emt 00:00:10]} Bxf3
{[%clk 00:14:52]} {[%emt 00:01:29]} 23. Rxf3 {[%clk 00:11:40]} {[%emt
00:01:43]} Qd5 {[%clk 00:13:03]} {[%emt 00:02:20]} 24. Rhf1 {[%clk 00:11:31]}
{[%emt 00:00:38]} f6 {[%clk 00:13:01]} {[%emt 00:00:31]} 25. Qg4 {[%clk
00:09:38]} {[%emt 00:02:23]} g5 {[%clk 00:12:59]} {[%emt 00:00:33]} 26. Rf5
{[%clk 00:09:43]} {[%emt 00:00:24]} Qd6 {[%clk 00:12:57]} {[%emt 00:00:33]} 27.
Ra5 {[%clk 00:08:19]} {[%emt 00:01:53]} Rh6 {[%clk 00:10:22]} {[%emt 00:03:05]}
28. Ba3 {[%clk 00:07:28]} {[%emt 00:01:21]} Qb6 {[%clk 00:08:33]} {[%emt
00:02:19]} 29. Raf5 {[%clk 00:07:40]} {[%emt 00:00:18]} e6 {[%clk 00:06:04]}
{[%emt 00:03:00]} 30. Bxf8 {[%clk 00:05:13]} {[%emt 00:02:57]} exf5 {[%clk
00:04:52]} {[%emt 00:01:42]} 31. Rxf5 {[%clk 00:05:19]} {[%emt 00:00:23]} Rh7
{[%clk 00:03:51]} {[%emt 00:01:31]} 32. Ba3 {[%clk 00:04:01]} {[%emt 00:01:48]}
Qe6 {[%clk 00:02:08]} {[%emt 00:02:14]} 33. Qf3 {[%clk 00:04:00]} {[%emt
00:00:30]} Qe3+ {[%clk 00:01:41]} {[%emt 00:00:58]} 34. Qxe3+ {[%clk 00:03:18]}
{[%emt 00:01:12]} dxe3 {[%clk 00:02:04]} {[%emt 00:00:07]} 35. Rxf6 {[%clk
00:03:36]} {[%emt 00:00:12]} Kd7 {[%clk 00:01:44]} {[%emt 00:00:50]} 36. Rxa6
{[%clk 00:03:22]} {[%emt 00:00:44]} Rf7 {[%clk 00:01:12]} {[%emt 00:01:03]} 37.
Rd6+ {[%clk 00:02:15]} {[%emt 00:01:36]} Kc7 {[%clk 00:00:41]} {[%emt
00:01:01]} 38. Re6 {[%clk 00:02:30]} {[%emt 00:00:15]} Rf3 {[%clk 00:00:33]}
{[%emt 00:00:38]} 39. Kd1 {[%clk 00:02:25]} {[%emt 00:00:35]} Rxh3 {[%clk
00:00:37]} {[%emt 00:00:26]} 40. Bc5 {[%clk 00:01:56]} {[%emt 00:00:59]} Ra8
{[%clk 00:00:37]} {[%emt 00:00:30]} 41. a4 {[%clk 00:01:55]} {[%emt 00:00:30]}
Rh1+ {[%clk 00:22:11]} {[%emt 00:08:56]} 42. Ke2 {[%clk 00:32:20]} {[%emt
00:00:06]} Rh2+ {[%clk 00:22:11]} {[%emt 00:00:29]} 43. Kd1 {[%clk 00:29:25]}
{[%emt 00:03:25]} Rh1+ {[%clk 00:11:52]} {[%emt 00:10:49]} 44. Ke2 {[%clk
00:29:49]} {[%emt 00:00:06]} Rh2+ {[%clk 00:12:13]} {[%emt 00:00:10]} 45. Kd1
{[%clk 00:30:13]} {[%emt 00:00:06]} Kd7 {[%clk 00:05:08]} {[%emt 00:07:35]} 46.
Rxe3 {[%clk 00:30:07]} {[%emt 00:00:36]} g4 {[%clk 00:04:49]} {[%emt 00:00:49]}
47. Re2 {[%clk 00:27:56]} {[%emt 00:02:40]} g3 {[%clk 00:04:30]} {[%emt
00:00:49]} 48. Re1 {[%clk 00:24:25]} {[%emt 00:04:02]} h3 {[%clk 00:03:57]}
{[%emt 00:01:03]} 49. Re3 {[%clk 00:20:39]} {[%emt 00:04:16]} Rg2 {[%clk
00:03:03]} {[%emt 00:01:24]} 50. Re1 {[%clk 00:19:09]} {[%emt 00:01:59]} h2
{[%clk 00:03:13]} {[%emt 00:00:20]} 51. c4 {[%clk 00:18:02]} {[%emt 00:01:39]}
Re8 {[%clk 00:02:39]} {[%emt 00:01:03]} 52. Rh1 {[%clk 00:17:32]} {[%emt
00:01:00]} Ree2 {[%clk 00:01:58]} {[%emt 00:01:10]} 53. Kc1 {[%clk 00:17:11]}
{[%emt 00:00:51]} Rc2+ {[%clk 00:01:51]} {[%emt 00:00:37]} 54. Kb1 {[%clk
00:17:13]} {[%emt 00:00:28]} Rb2+ {[%clk 00:02:04]} {[%emt 00:00:18]} 55. Ka1
{[%clk 00:17:26]} {[%emt 00:00:17]} Ra2+ {[%clk 00:02:19]} {[%emt 00:00:15]}
56. Kb1 {[%clk 00:17:48]} {[%emt 00:00:07]} Rgb2+ {[%clk 00:02:21]} {[%emt
00:00:28]} 57. Kc1 {[%clk 00:18:18]} Rxb3 {[%clk 00:01:56]} {[%emt 00:00:56]}
58. Bd4 {[%clk 00:18:18]} {[%emt 00:00:29]} Rxd3 {[%clk 00:02:04]} {[%emt
00:00:23]} 59. Be5 {[%clk 00:18:28]} {[%emt 00:00:19]} g2 {[%clk 00:01:53]}
{[%emt 00:00:42]} 0-1

[Event "DEM U18w 2025"]
[Site "Willingen GER"]
[Date "2025.06.10"]
[Round "4"]
[White "Voigt, Anastasia"]
[Black "Fetahovic, Sarah"]
[Result "0-1"]
[Termination "normal"]
[Board "7"]
[WhiteElo "1986"]
[BlackElo "1883"]
[WhiteClock "00:00:47"]
[BlackClock "00:00:34"]
[PlyCount "80"]
[WhiteFideId "16235223"]
[BlackFideId "34601546"]
[EventCountry "GER"]
[EventRounds "9"]
[EventType "swiss"]
[EventDate "2025.06.07"]

1. e4 {[%clk 01:30:58]} {[%emt 00:00:02]} e5 {[%clk 01:30:56]} {[%emt
00:00:05]} 2. Nf3 {[%clk 01:31:24]} {[%emt 00:00:04]} Nc6 {[%clk 01:31:19]}
{[%emt 00:00:07]} 3. Bc4 {[%clk 01:31:44]} {[%emt 00:00:09]} Nf6 {[%clk
01:31:43]} {[%emt 00:00:07]} 4. d3 {[%clk 01:32:09]} {[%emt 00:00:05]} h6
{[%clk 01:32:06]} {[%emt 00:00:06]} 5. c3 {[%clk 01:32:06]} {[%emt 00:00:33]}
d6 {[%clk 01:32:28]} {[%emt 00:00:09]} 6. O-O {[%clk 01:30:40]} {[%emt
00:01:56]} g6 {[%clk 01:32:45]} {[%emt 00:00:13]} 7. Re1 {[%clk 01:27:36]}
{[%emt 00:03:33]} Bg7 {[%clk 01:33:01]} {[%emt 00:00:15]} 8. d4 {[%clk
01:15:00]} {[%emt 00:13:06]} Qe7 {[%clk 01:32:11]} {[%emt 00:01:20]} 9. Nbd2
{[%clk 01:11:33]} {[%emt 00:03:56]} O-O {[%clk 01:32:20]} {[%emt 00:00:22]} 10.
h3 {[%clk 01:09:41]} {[%emt 00:02:22]} Kh8 {[%clk 01:26:19]} {[%emt 00:06:30]}
11. a4 {[%clk 01:05:01]} {[%emt 00:05:11]} Nh7 {[%clk 01:04:09]} {[%emt
00:22:39]} 12. d5 {[%clk 00:55:36]} {[%emt 00:09:55]} Nb8 {[%clk 00:57:29]}
{[%emt 00:07:10]} 13. b4 {[%clk 00:53:59]} {[%emt 00:02:08]} a5 {[%clk
00:46:31]} {[%emt 00:11:28]} 14. Bd3 {[%clk 00:48:43]} {[%emt 00:05:46]} f5
{[%clk 00:36:45]} {[%emt 00:10:16]} 15. Nc4 {[%clk 00:40:45]} {[%emt 00:08:28]}
axb4 {[%clk 00:17:52]} {[%emt 00:19:23]} 16. cxb4 {[%clk 00:40:41]} {[%emt
00:00:34]} f4 {[%clk 00:17:42]} {[%emt 00:00:39]} 17. Ba3 {[%clk 00:36:02]}
{[%emt 00:05:09]} g5 {[%clk 00:11:58]} {[%emt 00:06:14]} 18. Nh2 {[%clk
00:35:33]} {[%emt 00:00:58]} Qe8 {[%clk 00:11:55]} {[%emt 00:00:34]} 19. a5
{[%clk 00:32:39]} {[%emt 00:03:24]} h5 {[%clk 00:09:11]} {[%emt 00:03:13]} 20.
b5 {[%clk 00:30:45]} {[%emt 00:02:25]} g4 {[%clk 00:02:33]} {[%emt 00:07:10]}
21. hxg4 {[%clk 00:29:34]} {[%emt 00:01:40]} hxg4 {[%clk 00:02:57]} {[%emt
00:00:05]} 22. Nxg4 {[%clk 00:19:55]} {[%emt 00:10:08]} Qg6 {[%clk 00:03:22]}
{[%emt 00:00:06]} 23. f3 {[%clk 00:19:07]} {[%emt 00:01:17]} Nf6 {[%clk
00:03:16]} {[%emt 00:00:37]} 24. Nf2 {[%clk 00:13:36]} {[%emt 00:06:01]} Ne8
{[%clk 00:01:26]} {[%emt 00:02:20]} 25. b6 {[%clk 00:12:45]} {[%emt 00:01:21]}
Rg8 {[%clk 00:01:29]} {[%emt 00:00:27]} 26. bxc7 {[%clk 00:09:59]} {[%emt
00:03:17]} Nxc7 {[%clk 00:01:21]} {[%emt 00:00:38]} 27. Bf1 {[%clk 00:09:27]}
{[%emt 00:01:00]} Nb5 {[%clk 00:01:20]} {[%emt 00:00:32]} 28. Bb4 {[%clk
00:08:02]} {[%emt 00:01:55]} Na6 {[%clk 00:01:16]} {[%emt 00:00:35]} 29. Bd2
{[%clk 00:03:55]} {[%emt 00:04:35]} Nd4 {[%clk 00:01:39]} {[%emt 00:00:09]} 30.
Bc3 {[%clk 00:02:20]} {[%emt 00:02:04]} Nc5 {[%clk 00:00:42]} {[%emt 00:01:27]}
31. Nb6 {[%clk 00:01:59]} {[%emt 00:00:51]} Rb8 {[%clk 00:01:00]} {[%emt
00:00:12]} 32. Nxc8 {[%clk 00:01:47]} {[%emt 00:00:42]} Rbxc8 {[%clk 00:01:21]}
{[%emt 00:00:10]} 33. Bxd4 {[%clk 00:01:23]} {[%emt 00:00:54]} exd4 {[%clk
00:01:45]} {[%emt 00:00:05]} 34. Ng4 {[%clk 00:01:30]} {[%emt 00:00:23]} Be5
{[%clk 00:00:44]} {[%emt 00:01:31]} 35. Nxe5 {[%clk 00:01:16]} {[%emt
00:00:44]} dxe5 {[%clk 00:01:08]} {[%emt 00:00:07]} 36. Rb1 {[%clk 00:01:15]}
{[%emt 00:00:30]} Rg7 {[%clk 00:01:32]} {[%emt 00:00:07]} 37. Kf2 {[%clk
00:00:51]} {[%emt 00:00:53]} Qg3+ {[%clk 00:01:42]} {[%emt 00:00:21]} 38. Ke2
{[%clk 00:00:56]} {[%emt 00:00:24]} d3+ {[%clk 00:01:13]} {[%emt 00:00:59]} 39.
Kd2 {[%clk 00:01:09]} {[%emt 00:00:18]} Qf2+ {[%clk 00:01:36]} {[%emt
00:00:07]} 40. Kc3 {[%clk 00:00:47]} {[%emt 00:00:51]} Nxe4+ {[%clk 00:00:34]}
{[%emt 00:01:33]} 0-1